000 00324 a2200109 4500
001 ART_38604
005 20260410162011.0
008 260409a
245 1 0 _aLas tasaciones técnicas como alternativa de valuación
100 1 _aAccursi, Marcelo
773 0 _tAnuario
_g- Nº 3 (ene./abr. 1999)
_wREV38525
999 _c32231
_d32231